Multiversus Charaktere - Statistiken

Allgemein
  • Dieses Quiz wurde 4 mal gespielt
  • Das Durchschnittsergebnis liegt bei 12 aus 32
Antwortstatistiken
Antwort % Korrekt
Batman
100%
Superman
100%
Harley Quinn
75%
Joker
75%
Wonder Woman
75%
Bugs Bunny
50%
Finn der Mensch
50%
Jake der Hund
50%
Shaggy
50%
Agent Smith
25%
Arya Stark
25%
Bananenwache
25%
Beetlejuice
25%
Black Adam
25%
Der Gigant aus dem All
25%
Garnet
25%
Gizmo
25%
Jason
25%
LeBron James
25%
Marvin der Marsmensch
25%
Morty
25%
Nubia
25%
Powerpuff Girls
25%
Raven
25%
Renhund
25%
Rick
25%
Samurai Jack
25%
Steven Universe
25%
Stripe
25%
Taz
25%
Tom & Jerry
25%
Velma
25%
Keine übereinstimmenden Quizze gefunden
Verteilung der Resultate
Anzahl Personen mit jedem Resultat
Perzentil nach korrekt beantworteten Fragen
Ihre Resultats-Entwicklung
Sie haben dieses Quiz noch nicht gespielt